[Event "Scarborough CC ch"]
[Site "Toronto CAN"]
[Date "2007.02.08"]
[Round "6"]
[White "Husain, Imtiaz"]
[Black "Douglas, Richard"]
[Result "1-0"]
[WhiteElo "2145"]
[BlackElo "1760"]
[PlyCount "105"]
[GameId "2160767910739501"]
[EventDate "2007.01.04"]
[EventType "tourn"]
[EventRounds "9"]
[EventCountry "CAN"]
[SourceTitle "EXT 2022"]
[Source "ChessBase"]
[SourceDate "2021.10.06"]
[SourceVersion "1"]
[SourceVersionDate "2021.10.06"]
[SourceQuality "1"]

1. e4 Nf6 2. d3 d5 3. e5 Nfd7 4. f4 Nb6 5. Nf3 Nc6 6. Be2 Bf5 7. O-O Qd7 8. Nh4 Nd4 9. Nxf5 Nxe2+ 10. Qxe2 Qxf5 11. a4 Qd7 12. a5 Nc8 13. f5 e6 14. fxe6 Qxe6 15. Bf4 Bc5+ 16. Kh1 O-O 17. Nd2 a6 18. Nf3 h6 19. c3 Ne7 20. b4 Ba7 21. d4 Ng6 22. Qd2 c6 23. g3 b6 24. Bxh6 gxh6 25. Qxh6 Nh8 26. Qh4 Qg6 27. Ng5 Qg7 28. Rf6 Ng6 29. Qg4 bxa5 30. Ne6 Qh7 31. Nxf8 Rxf8 32. Rxa5 Kh8 33. Rxa6 Ra8 34. e6 Nf8 35. Qh4 Qxh4 36. gxh4 Nxe6 37. Rxf7 Kg8 38. Rfxa7 Rxa7 39. Rxa7 Kf8 40. Kg2 Nf4+ 41. Kf3 Ng6 42. h5 Ne7 43. Rxe7 Kxe7 44. Kg4 Kf6 45. Kf4 Ke6 46. Kg5 Kf7 47. Kf5 Ke7 48. Kg6 Kf8 49. h6 Kg8 50. h7+ Kh8 51. h4 c5 52. dxc5 d4 53. c6 1-0

[Event "Scarborough CC ch"]
[Site "Toronto CAN"]
[Date "2007.02.08"]
[Round "6"]
[White "Moysoski, Randy"]
[Black "Paterson, Jim"]
[Result "1-0"]
[WhiteElo "1916"]
[BlackElo "1916"]
[PlyCount "79"]
[GameId "2160767910739502"]
[EventDate "2007.01.04"]
[EventType "tourn"]
[EventRounds "9"]
[EventCountry "CAN"]
[SourceTitle "EXT 2022"]
[Source "ChessBase"]
[SourceDate "2021.10.06"]
[SourceVersion "1"]
[SourceVersionDate "2021.10.06"]
[SourceQuality "1"]

1. e4 c5 2. Nc3 Nc6 3. g3 g6 4. Bg2 Bg7 5. d3 d6 6. Be3 Bd7 7. Nh3 Qc8 8. Nf4 Nf6 9. f3 Nd4 10. Qd2 e5 11. Nfd5 h5 12. Nxf6+ Bxf6 13. Nd5 Bd8 14. c3 Ne6 15. h4 Nc7 16. f4 Nxd5 17. exd5 f6 18. fxe5 fxe5 19. O-O Bf5 20. d4 cxd4 21. cxd4 Bf6 22. Rac1 Qd7 23. dxe5 Bxe5 24. Bd4 Bxd4+ 25. Qxd4 O-O 26. Rc3 Qg7 27. Qb4 Qd7 28. Rfc1 Rfc8 29. Rxc8+ Rxc8 30. Rxc8+ Qxc8 31. Qxd6 Qc1+ 32. Kh2 Qxb2 33. Qd8+ Kf7 34. d6 Qb5 35. Qe7+ Kg8 36. Bxb7 Qd7 37. Bd5+ Kh8 38. Qf8+ Kh7 39. Bg8+ Kh8 40. Be6+ 1-0

[Event "Scarborough CC ch"]
[Site "Toronto CAN"]
[Date "2007.02.08"]
[Round "6"]
[White "Rapoport, Alexander"]
[Black "Deiseach, Donald"]
[Result "1-0"]
[WhiteElo "1958"]
[BlackElo "2005"]
[PlyCount "69"]
[GameId "2160767910739503"]
[EventDate "2007.01.04"]
[EventType "tourn"]
[EventRounds "9"]
[EventCountry "CAN"]

1. d4 Nf6 2. Nd2 d5 3. e3 e6 4. Bd3 c5 5. c3 Nc6 6. f4 Bd6 7. g3 O-O 8. Ngf3 Ng4 9. Bxh7+ Kxh7 10. Ng5+ Kg8 11. Qxg4 e5 12. Qh5 Bf5 13. dxe5 Be7 14. h4 Qd7 15. e6 fxe6 16. g4 Bxg5 17. hxg5 Bd3 18. g6 Bxg6 19. Qxg6 Rf6 20. Qh7+ Kf7 21. Nf3 Ke8 22. g5 Rf8 23. Qg6+ Kd8 24. Bd2 Kc7 25. O-O-O Rae8 26. Be1 Kb8 27. Bg3 Ka8 28. Ne5 Nxe5 29. fxe5 a6 30. Rh7 Re7 31. Rdh1 Qb5 32. Bf4 Ka7 33. Rxg7 Rxg7 34. Qxg7 Rd8 35. Qf6 1-0

[Event "Scarborough CC ch"]
[Site "Toronto CAN"]
[Date "2007.02.15"]
[Round "7"]
[White "Deiseach, Donald"]
[Black "Lamb, Bryan"]
[Result "0-1"]
[WhiteElo "2005"]
[BlackElo "2203"]
[PlyCount "58"]
[GameId "2160767910739504"]
[EventDate "2007.01.04"]
[EventType "tourn"]
[EventRounds "9"]
[EventCountry "CAN"]
[SourceTitle "EXT 2022"]
[Source "ChessBase"]
[SourceDate "2021.10.06"]
[SourceVersion "1"]
[SourceVersionDate "2021.10.06"]
[SourceQuality "1"]

1. d4 Nf6 2. c4 g6 3. Nc3 Bg7 4. e4 d6 5. Be2 O-O 6. Be3 Nbd7 7. Qd2 e5 8. O-O-O c6 9. dxe5 dxe5 10. Bc5 Re8 11. Bd6 Qb6 12. c5 Nxc5 13. f3 Be6 14. Qc2 Nfd7 15. Nh3 f6 16. Kb1 a5 17. f4 a4 18. f5 Bb3 19. axb3 axb3 20. Bc4+ Kh8 21. Qe2 Qa5 22. Kc1 Bh6+ 23. Rd2 Qa1+ 24. Nb1 Ra2 25. Qe1 Rxb2 26. Kd1 Rxd2+ 27. Qxd2 Qxb1+ 28. Ke2 Qxe4+ 29. Kf2 Bxd2 0-1

[Event "Scarborough CC ch"]
[Site "Toronto CAN"]
[Date "2007.02.15"]
[Round "7"]
[White "Douglas, Richard"]
[Black "Rapoport, Alexander"]
[Result "0-1"]
[WhiteElo "1760"]
[BlackElo "1958"]
[PlyCount "98"]
[GameId "2160767910739505"]
[EventDate "2007.01.04"]
[EventType "tourn"]
[EventRounds "9"]
[EventCountry "CAN"]

1. e4 c5 2. Nc3 Nc6 3. f4 d6 4. Nf3 g6 5. Bb5 Bd7 6. O-O Bg7 7. Bxc6 Bxc6 8. d3 Nf6 9. Qe1 Qc7 10. Bd2 O-O-O 11. a4 Nd7 12. Qb1 f5 13. Nd5 Bxd5 14. exd5 c4 15. d4 Nf6 16. Ng5 Ne4 17. Nxe4 fxe4 18. c3 e5 19. fxe5 dxe5 20. Qxe4 Rhe8 21. Rfe1 Qd7 22. dxe5 Qxd5 23. Bf4 a6 24. Bg3 b5 25. axb5 Qxe4 26. Rxe4 axb5 27. Rd4 Kb7 28. Rf1 Kc6 29. Rf7 Bh6 30. Rf6+ Kb7 31. Rxd8 Rxd8 32. Rf7+ Kc6 33. Bf4 Rf8 34. Rxf8 Bxf8 35. Kf2 Kd5 36. Ke3 Be7 37. Kf3 h5 38. h3 b4 39. Bd2 b3 40. Bf4 Bc5 41. h4 Be7 42. g3 Bc5 43. Bg5 Kxe5 44. Bf4+ Kf5 45. Bd2 Be7 46. Bf4 Bf6 47. Be3 Bxc3 48. Bc1 Be5 49. Kf2 c3 0-1

[Event "Scarborough CC ch"]
[Site "Toronto CAN"]
[Date "2007.02.22"]
[Round "8"]
[White "Deiseach, Donald"]
[Black "Douglas, Richard"]
[Result "1-0"]
[WhiteElo "2005"]
[BlackElo "1760"]
[PlyCount "121"]
[GameId "2160767910739506"]
[EventDate "2007.01.04"]
[EventType "tourn"]
[EventRounds "9"]
[EventCountry "CAN"]
[SourceTitle "EXT 2022"]
[Source "ChessBase"]
[SourceDate "2021.10.06"]
[SourceVersion "1"]
[SourceVersionDate "2021.10.06"]
[SourceQuality "1"]

1. e4 Nf6 2. e5 Nd5 3. Nf3 d6 4. d4 Nc6 5. Bb5 a6 6. Ba4 Nb6 7. Bb3 d5 8. Nc3 Bg4 9. Be3 e6 10. h3 Bxf3 11. Qxf3 Be7 12. Qg4 g5 13. O-O-O Qd7 14. f4 gxf4 15. Qxf4 Bb4 16. Qf6 Rg8 17. Rhf1 Qe7 18. g4 Bxc3 19. bxc3 Na5 20. Qxe7+ Kxe7 21. Rf3 Rg6 22. Rdf1 Rf8 23. Bf2 Nd7 24. Rf4 f6 25. exf6+ Nxf6 26. Be1 Nd7 27. c4 Rxf4 28. Rxf4 Nxc4 29. c3 Ne3 30. Rf3 Ng2 31. Bd2 Nf6 32. c4 c6 33. Bc2 Rg7 34. Rf2 Nh4 35. Bb4+ Kf7 36. cxd5 exd5 37. Bd6 Ke6 38. Be5 Rf7 39. Bg3 Ng6 40. Bf5+ Ke7 41. Rb2 Ke8 42. h4 Ne4 43. Bxe4 dxe4 44. Re2 Re7 45. h5 Nf8 46. Bh4 Ne6 47. Bxe7 Kxe7 48. Rxe4 Kf6 49. Kd2 b5 50. Ke3 a5 51. Re5 a4 52. Rf5+ Kg7 53. Kd3 b4 54. Ra5 b3 55. Rxa4 bxa2 56. Rxa2 Kf6 57. Ra5 Nf4+ 58. Ke4 Nd5 59. Rxd5 cxd5+ 60. Kxd5 Ke7 61. g5 1-0

[Event "Scarborough CC ch"]
[Site "Toronto CAN"]
[Date "2007.02.22"]
[Round "8"]
[White "Husain, Imtiaz"]
[Black "Gillis, Doug"]
[Result "1-0"]
[WhiteElo "2145"]
[BlackElo "1540"]
[PlyCount "93"]
[GameId "2160767910739507"]
[EventDate "2007.01.04"]
[EventType "tourn"]
[EventRounds "9"]
[EventCountry "CAN"]
[SourceTitle "EXT 2022"]
[Source "ChessBase"]
[SourceDate "2021.10.06"]
[SourceVersion "1"]
[SourceVersionDate "2021.10.06"]
[SourceQuality "1"]

1. e4 e6 2. d4 d5 3. e5 c5 4. c3 Qb6 5. Nf3 Bd7 6. Be2 Bb5 7. O-O Bxe2 8. Qxe2 Qa6 9. Qc2 Nc6 10. dxc5 Bxc5 11. b4 Be7 12. a4 Qc4 13. Nbd2 Qg4 14. Re1 Nh6 15. Nf1 Qg6 16. Qe2 O-O 17. Bxh6 Qxh6 18. a5 a6 19. b5 axb5 20. Qxb5 Ra6 21. Qxb7 Rfa8 22. Nd4 Nxd4 23. cxd4 R6a7 24. Qb5 Qf4 25. Ra4 h6 26. a6 Qf5 27. Ne3 Qg6 28. f4 h5 29. Qf1 Rb8 30. f5 exf5 31. Nxd5 Bh4 32. Rb1 Rxb1 33. Qxb1 Rxa6 34. Nf6+ Rxf6 35. exf6 Bxf6 36. d5 Qg5 37. d6 h4 38. Qe1 g6 39. d7 f4 40. Ra5 Qg4 41. Ra8+ Kg7 42. d8=Q Bxd8 43. Rxd8 f3 44. Qc3+ f6 45. Qc7+ Kh6 46. Rh8+ Kg5 47. Qc1+ 1-0

[Event "Scarborough CC ch"]
[Site "Toronto CAN"]
[Date "2007.02.22"]
[Round "8"]
[White "Lamb, Bryan"]
[Black "Hall, John2"]
[Result "1/2-1/2"]
[WhiteElo "2203"]
[BlackElo "2069"]
[PlyCount "94"]
[GameId "2160767910739508"]
[EventDate "2007.01.04"]
[EventType "tourn"]
[EventRounds "9"]
[EventCountry "CAN"]
[SourceTitle "EXT 2022"]
[Source "ChessBase"]
[SourceDate "2021.10.06"]
[SourceVersion "1"]
[SourceVersionDate "2021.10.06"]
[SourceQuality "1"]

1. c4 c5 2. Nf3 Nc6 3. g3 g6 4. d4 cxd4 5. Nxd4 Bg7 6. Nc2 Nf6 7. Nc3 O-O 8. Bg2 d6 9. O-O Bd7 10. b3 a6 11. Bb2 Rb8 12. Qd2 b5 13. Nd5 Nxd5 14. Bxg7 Kxg7 15. cxd5 Ne5 16. h3 Qb6 17. Kh2 f6 18. f4 Nf7 19. Qd4 Rfc8 20. Rfc1 Qc5 21. b4 Qc3 22. Qxc3 Rxc3 23. Nd4 Rbc8 24. Nc6 Rxc1 25. Rxc1 Nd8 26. Rc3 e6 27. Rd3 Nxc6 28. dxc6 Bxc6 29. Rxd6 Bxg2 30. Kxg2 Rc2 31. Rxa6 Rxe2+ 32. Kf3 Rb2 33. Ke3 Rxb4 34. Rxe6 Ra4 35. Rb6 Ra3+ 36. Ke4 Rxg3 37. Rxb5 Rxh3 38. Rb7+ Kh6 39. a4 Ra3 40. Ra7 g5 41. f5 g4 42. a5 g3 43. Ra8 g2 44. Rg8 Rxa5 45. Rxg2 Ra7 46. Kd5 Ra5+ 47. Ke6 Ra6+ 1/2-1/2

[Event "Scarborough CC ch"]
[Site "Toronto CAN"]
[Date "2007.02.22"]
[Round "8"]
[White "Rapoport, Alexander"]
[Black "Paterson, Jim"]
[Result "1/2-1/2"]
[WhiteElo "1958"]
[BlackElo "1916"]
[PlyCount "45"]
[GameId "2160767910739509"]
[EventDate "2007.01.04"]
[EventType "tourn"]
[EventRounds "9"]
[EventCountry "CAN"]

1. d4 d5 2. e3 Nf6 3. f4 Bg4 4. Be2 Bxe2 5. Qxe2 c6 6. Nf3 e6 7. O-O Nbd7 8. Nbd2 Bd6 9. c3 Qc7 10. Ne5 O-O 11. e4 dxe4 12. Nxd7 Qxd7 13. Nxe4 Nxe4 14. Qxe4 Bc7 15. b3 Qd5 16. Qxd5 exd5 17. Bd2 Rfe8 18. Rae1 f6 19. Kf2 Kf7 20. Kf3 Rxe1 21. Rxe1 Re8 22. a3 Rxe1 23. Bxe1 1/2-1/2

[Event "Scarborough CC ch"]
[Site "Toronto CAN"]
[Date "2007.03.08"]
[Round "9"]
[White "Douglas, Richard"]
[Black "Lamb, Bryan"]
[Result "0-1"]
[WhiteElo "1760"]
[BlackElo "2203"]
[PlyCount "76"]
[GameId "2160767910739510"]
[EventDate "2007.01.04"]
[EventType "tourn"]
[EventRounds "9"]
[EventCountry "CAN"]
[SourceTitle "EXT 2022"]
[Source "ChessBase"]
[SourceDate "2021.10.06"]
[SourceVersion "1"]
[SourceVersionDate "2021.10.06"]
[SourceQuality "1"]

1. e4 e6 2. d4 d5 3. Nc3 Bb4 4. Nge2 dxe4 5. a3 Bxc3+ 6. Nxc3 f5 7. Be3 Nf6 8. f3 Nd5 9. Nxd5 exd5 10. Be2 O-O 11. Qd2 Be6 12. O-O-O Nd7 13. fxe4 fxe4 14. Bg5 Qe8 15. Bf4 Rc8 16. g4 Qe7 17. h4 c5 18. Be3 c4 19. c3 b5 20. g5 a5 21. g6 h6 22. Rdg1 b4 23. axb4 axb4 24. Bg5 Qd6 25. Bxh6 bxc3 26. Qxc3 gxh6 27. Kd1 Ra8 28. Qc1 Kg7 29. h5 Qb8 30. Rf1 Qb3+ 31. Ke1 e3 32. Rxf8 Qb4+ 33. Kf1 Qxf8+ 34. Ke1 Qf2+ 35. Kd1 Bg4 36. Bxg4 Ra1 37. Be2 Rxc1+ 38. Kxc1 Qxe2 0-1

[Event "Scarborough CC ch"]
[Site "Toronto CAN"]
[Date "2007.03.08"]
[Round "9"]
[White "Hall, John"]
[Black "Moysoski, Randy"]
[Result "0-1"]
[Annotator "Armstrong, Robert"]
[WhiteElo "2061"]
[BlackElo "1916"]
[PlyCount "120"]
[GameId "2160767740575962"]
[EventDate "2007.01.04"]
[EventType "tourn"]
[EventRounds "9"]
[EventCountry "CAN"]

1. d4 Nf6 2. c4 e5 3. dxe5 Ng4 4. Bf4 Nc6 5. Nf3 Bb4+ 6. Nbd2 Qe7 7. a3 Bxd2+ $2 $14 (7... Ngxe5 8. Nxe5 (8. axb4 $4 Nd3#) 8... Nxe5 9. e3 Bxd2+ 10. Qxd2 d6 $11) 8. Qxd2 Ngxe5 $2 $16 {John gets a " clear " advantage} (8... O-O 9. Rc1 Ncxe5 10. Nxe5 Nxe5 11. c5 d6 $14) 9. Nxe5 Nxe5 10. e3 $4 $11 (10. c5 O-O (10... Qxc5 11. Rc1 Qd6 12. Qxd6 cxd6 13. g3 Rb8 14. Bg2 Ke7 $16) 11. e3 Re8 12. Rc1 d6 $16) 10... d6 11. c5 dxc5 12. Qd5 Ng6 13. Bb5+ (13. Bg3 c6 14. Qd2 Ne5 15. Qc3 f6 $11) 13... Kf8 14. O-O-O $2 $15 {Randy gets the advantage; and he doesn't get it again for a long time.} (14. Bg3 c6 15. Qd2 Kg8 16. Bd3 Be6 $11) 14... a6 $4 $14 (14... c6 15. Qd8+ Qxd8 16. Rxd8+ Ke7 17. Rxh8 Nxh8 18. Bd3 Ng6 $15) 15. Bc4 Rb8 $4 $18 {John gets a " winning " advantage} (15... Nxf4 16. exf4 g6 17. Rhe1 c6 18. Qd8+ Qxd8 19. Rxd8+ Kg7 20. Rxh8 Kxh8 21. Re7 b5 22. Bxf7 Bf5 $14) 16. Qd8+ Qxd8 17. Rxd8+ Ke7 18. Rxh8 Nxh8 19. Bxc7 Ra8 20. Rd1 (20. Bd5 $2 Be6 21. Bf3 Bb3 22. h4 f6 $16) 20... Be6 21. Be2 Bb3 22. Rd2 Rc8 23. Bd6+ Ke6 24. e4 (24. Bg3 Rc6 25. Bf3 Rb6 26. Bc7 Rb5 27. Bg4+ f5 28. Rd6+ Ke7 29. Bxf5 Nf7 30. Rd7+ Kf6 31. Bd3 c4 32. Bxh7 Ke6 33. Rd4 Rh5 34. Be4 Rc5 $18) 24... g6 (24... f5 25. h3 Nf7 26. exf5+ Kf6 27. Bf4 Rd8 $18) 25. e5 f5 26. exf6 $2 $16 (26. Bf3 b6 27. Bb7 Re8 28. Bxa6 Nf7 $18) 26... Kxf6 27. Bf4 (27. Bg4 Re8 28. Bxc5 Re1+ 29. Bd1 Kf5 $16) 27... Nf7 28. Bf3 $2 $14 (28. Rd7 b5 29. Be3 Bc4 30. Bxc4 bxc4 31. Kc2 Ke6 32. Ra7 Rc6 $16) 28... Re8 29. Be3 b6 30. h4 h6 31. Bc6 $2 $11 {John has let his advantage slip away} (31. Be2 $2 a5 32. h5 g5 33. Rd7 Re6 $11) (31. Rd7 Re6 32. Rd3 Ba4 33. Bd5 Rd6 $14) 31... Re7 32. g3 g5 33. Bf3 Rc7 34. Bh5 $2 $14 (34. Bg4 Re7 35. Bf3 a5 $11) 34... Rc6 35. Rd3 Bc4 (35... Be6 36. Bd2 Rd6 37. Bc3+ Ke7 38. Re3 Kf8 $14) 36. Rd7 Be6 $2 $16 (36... Ne5 37. Rh7 Kf5 38. hxg5 hxg5 39. Rg7 g4 40. Bxg4+ Nxg4 41. Rg5+ Ke4 42. Rxg4+ Kd3 $14) 37. Ra7 a5 38. Bd2 $4 $11 (38. hxg5+ hxg5 39. Bxf7 Bxf7 40. Bxg5+ Kg6 41. Rb7 a4 42. Bd8 Rd6 43. Bc7 Rd3 44. Rxb6+ Kf5 $16) 38... gxh4 $4 $18 {again John gets a " winning " advantage; this should lose a piece} (38... Ne5 39. Rh7 gxh4 40. gxh4 Nd3+ 41. Kc2 Nxf2 $11) 39. gxh4 $4 $14 {John misses winning the N} (39. Bc3+ Kf5 40. Bxf7 h3 41. Bxe6+ Rxe6 42. Rf7+ Kg6 43. Rf4 Re2 44. Rg4+ Kf5 45. Rh4 Rxf2 46. Rxh3 Kg6 $18) 39... Ne5 40. Bxh6 Kf5 $2 $16 (40... Nd3+ 41. Kd2 Nxf2 $14) 41. Be2 $4 $15 {finally Randy again gets the advantage} (41. Be3 Rd6 42. Be2 Bc4 43. Bxc4 Nxc4 44. Rf7+ Rf6 45. Rxf6+ Kxf6 $16) 41... Bc4 42. Bxc4 Rxh6 43. Bb5 Rxh4 44. Rb7 Rh6 45. Kd2 Ke4 46. Ke2 c4 47. Rc7 Kd4 48. Rc8 Re6 $2 $11 (48... Rh3 49. Rd8+ Kc5 50. a4 Rb3 51. Rc8+ Kd4 52. Rd8+ Ke4 53. Rd2 Rb4 $15) 49. Kd2 $2 $17 {John was now getting into his trademark time trouble; Randy gets a " clear " advantage} (49. a4 Re7 50. Kd1 Rf7 51. Ke2 Rf4 52. Rd8+ Ke4 $11) 49... Nf3+ 50. Kc2 Re2+ 51. Kb1 Nd2+ 52. Kc1 Rxf2 {Randy goes up a P} 53. Rd8+ Kc5 54. Rxd2 Rf1+ 55. Kc2 Kxb5 56. Kc3 $2 $19 {Randy gets a " winning " advantage} (56. b3 Rf4 57. Rg2 cxb3+ 58. Kxb3 a4+ 59. Kb2 Rf8 $17) 56... Kc5 $2 $17 (56... Rc1+ 57. Kd4 Ka4 58. Ke3 Rb1 59. Kd4 Kb3 60. Rh2 Rxb2 61. Rh3+ Ka2 62. Kxc4 a4 63. Kd5 Rb3 64. Rh1 b5 65. Kc5 Kxa3 $19) 57. b3 $2 $19 {John's flag was hanging by a thread by now; a blunder of the P} (57. Re2 Rf5 58. Re3 a4 59. Re8 Rf3+ 60. Kc2 Rd3 61. Rf8 Re3 62. Rc8+ Kb5 $17) 57... Rf3+ 58. Kc2 Rxb3 59. a4 Ra3 60. Kb2 $4 {a final blunder in the time pressure in a lost position} (60. Re2 Rxa4 $19) 60... c3+ 0-1

[Event "Scarborough CC ch"]
[Site "Toronto CAN"]
[Date "2007.03.08"]
[Round "9"]
[White "Paterson, Jim"]
[Black "Deiseach, Donald"]
[Result "1/2-1/2"]
[Annotator "Armstrong, Robert"]
[WhiteElo "1916"]
[BlackElo "2005"]
[PlyCount "69"]
[GameId "2160767740575963"]
[EventDate "2007.01.04"]
[EventType "tourn"]
[EventRounds "9"]
[EventCountry "CAN"]

1. e4 e5 2. Nc3 Nf6 3. Nf3 Be7 $2 $14 {an opening blunder; Donal drops a P} (3... Nc6 4. Bc4 Bb4 5. O-O O-O 6. a3 Bc5 $14) (3... Bb4 4. a3 Bxc3 5. dxc3 O-O 6. Bd3 d6 $14) 4. Nxe5 {Jim goes up a P} d6 $2 $16 {Jim gets a " clear " advantage} (4... O-O 5. d4 Bb4 6. Bg5 d6 7. Nd3 Bxc3+ 8. bxc3 Re8 $14) 5. Nf3 O-O 6. Be2 Nc6 7. d4 Bg4 8. Be3 (8. d5 Ne5 9. O-O Ng6 10. Nd4 Bd7 $16) 8... d5 9. e5 Ne4 10. O-O f5 11. Ne1 Bxe2 $2 $18 {Jim gets a " winning " advantage} (11... Nxc3 12. bxc3 Qd7 13. Nd3 Na5 14. Re1 Bxe2 15. Qxe2 Nc4 $16) 12. Nxe2 g5 13. f3 f4 14. Bf2 $2 $16 (14. Bxf4 gxf4 15. fxe4 dxe4 16. c3 Bg5 $18) 14... Nxf2 15. Rxf2 Qd7 16. c3 h5 $2 $18 (16... Na5 17. g3 Nc4 18. b3 Ne3 19. Qd2 fxg3 20. hxg3 Nf5 $16) 17. Qd3 Qe6 (17... Qf5 18. g3 Qxd3 19. Nxd3 fxg3 20. hxg3 Rf5 $18) 18. g3 Rf7 19. Rg2 (19. gxf4 gxf4 20. Qd2 Kh8 $18) 19... Kh8 (19... fxg3 20. hxg3 Na5 21. Rh2 h4 22. gxh4 gxh4 $18) 20. gxf4 gxf4 21. Qg6 Qxg6 22. Rxg6 Kh7 23. Rg2 Nd8 24. Nd3 Ne6 25. Kh1 Rg8 26. Rag1 Rxg2 27. Rxg2 c6 28. b4 b6 29. Ng1 $2 $16 {Jim loses his " winning " advantage} (29. Rg1 Bg5 30. a4 Rg7 31. b5 cxb5 32. axb5 Rg8 $18) 29... Bf8 30. Nh3 Bh6 31. Kg1 Rg7 32. Rxg7+ Kxg7 33. Kf2 Kg6 34. Ke2 $2 $14 (34. Ng1 Bf8 35. Ne2 Kf5 36. a4 Be7 $16) 34... Kf5 35. Kf2 $11 {Jim has let his advantage slip away; a draw is all that is left.} (35. Ng1 Bf8 36. Ke1 c5 37. Ne2 c4 38. Nb2 Ng5 39. Kf2 h4 $14) 1/2-1/2

[Event "Scarborough CC ch reserves"]
[Site "Toronto CAN"]
[Date "2007.01.04"]
[Round "1"]
[White "Bellomo, Joe"]
[Black "Graham, John"]
[Result "1-0"]
[WhiteElo "1782"]
[BlackElo "1573"]
[PlyCount "89"]
[GameId "2160767910739511"]
[EventDate "2007.01.04"]
[EventType "swiss"]
[EventRounds "9"]
[EventCountry "CAN"]
[SourceTitle "EXT 2022"]
[Source "ChessBase"]
[SourceDate "2021.10.06"]
[SourceVersion "1"]
[SourceVersionDate "2021.10.06"]
[SourceQuality "1"]

1. e4 e5 2. Nf3 Nc6 3. Bb5 d6 4. d4 Bd7 5. d5 Nce7 6. Bxd7+ Qxd7 7. O-O Nf6 8. Re1 c6 9. c4 Rc8 10. Nc3 g6 11. h3 Bg7 12. Be3 b6 13. Qd2 O-O 14. Bh6 Nh5 15. Bxg7 Kxg7 16. Ne2 f5 17. Ng5 cxd5 18. cxd5 Kh8 19. Ne6 Rf7 20. Rac1 fxe4 21. Rxc8+ Qxc8 22. Rc1 Qb7 23. Nd8 e3 24. fxe3 Qxd5 25. Qxd5 Nxd5 26. Nxf7+ Kg7 27. Nxd6 Nxe3 28. Rc7+ Kf6 29. g4 Nf4 30. Nxf4 exf4 31. Ne4+ Ke5 32. Nf2 h6 33. Rxa7 g5 34. Rh7 Nc4 35. b3 Nd2 36. Rxh6 f3 37. Rxb6 Kf4 38. Rb4+ Kg3 39. Ne4+ Nxe4 40. Rxe4 Kxh3 41. Kf2 Kh2 42. Re1 Kh3 43. Kxf3 Kh2 44. a4 Kh3 45. Rh1# 1-0

[Event "Scarborough CC ch reserves"]
[Site "Toronto CAN"]
[Date "2007.01.04"]
[Round "1"]
[White "Chuderski, Jan"]
[Black "Haley, Phil"]
[Result "1-0"]
[WhiteElo "1527"]
[BlackElo "1786"]
[PlyCount "159"]
[GameId "2160767910739512"]
[EventDate "2007.01.04"]
[EventType "swiss"]
[EventRounds "9"]
[EventCountry "CAN"]
[SourceTitle "EXT 2022"]
[Source "ChessBase"]
[SourceDate "2021.10.06"]
[SourceVersion "1"]
[SourceVersionDate "2021.10.06"]
[SourceQuality "1"]

1. e4 d5 2. e5 c5 3. Nf3 Nc6 4. Bb5 e6 5. d3 Qa5+ 6. Nc3 d4 7. Bxc6+ bxc6 8. Bd2 dxc3 9. Bxc3 Qc7 10. O-O Ne7 11. Qd2 Nd5 12. Ba5 Nb6 13. b3 Be7 14. c4 O-O 15. Rad1 Bb7 16. Rfe1 Rad8 17. Re4 Rd7 18. Rg4 Kh8 19. Bc3 f5 20. Rg5 Rdd8 21. Rh5 Bc8 22. Ng5 Bxg5 23. Qxg5 Qf7 24. Rh3 Bd7 25. Qe3 Qe7 26. d4 Be8 27. Rd3 Bg6 28. f4 cxd4 29. Rxd4 c5 30. Rd3 Rxd3 31. Qxd3 Rd8 32. Qe2 Be8 33. Rd3 Bc6 34. Qd2 Rxd3 35. Qxd3 Qd7 36. Qd6 Qxd6 37. exd6 Kg8 38. Kf2 Kf8 39. g3 g6 40. Ke3 Ke8 41. Bf6 Kd7 42. Be5 Nc8 43. Kd3 Nxd6 44. Ke3 Nf7 45. Bf6 Be4 46. a3 a5 47. Bc3 Bc2 48. b4 axb4 49. axb4 cxb4 50. Bxb4 Kc6 51. Kd4 Be4 52. c5 Kb5 53. Ba3 Nd8 54. Kc3 Nb7 55. Kd4 Bd5 56. h4 Ka4 57. Bb2 Nxc5 58. Kxc5 Kb3 59. Bf6 Kc2 60. Kd4 Kd2 61. Bg5 Ke2 62. Bf6 Kf3 63. Bg5 Kxg3 64. Ke5 Kg4 65. Kd4 Kh5 66. Ke3 h6 67. Bf6 g5 68. hxg5 hxg5 69. fxg5 Kg4 70. g6 f4+ 71. Kd4 f3 72. g7 e5+ 73. Kxd5 f2 74. g8=Q+ Kf3 75. Bxe5 f1=Q 76. Qf7+ Ke2 77. Qh5+ Kf2 78. Qh4+ Ke2 79. Qe4+ Kf2 80. Bd4+ 1-0

[Event "Scarborough CC ch reserves"]
[Site "Toronto CAN"]
[Date "2007.01.04"]
[Round "1"]
[White "Dattani, Dinesh"]
[Black "Philip, Andrew"]
[Result "1-0"]
[WhiteElo "1347"]
[BlackElo "1698"]
[PlyCount "71"]
[GameId "2160767910739513"]
[EventDate "2007.01.04"]
[EventType "swiss"]
[EventRounds "9"]
[EventCountry "CAN"]
[SourceTitle "EXT 2022"]
[Source "ChessBase"]
[SourceDate "2021.10.06"]
[SourceVersion "1"]
[SourceVersionDate "2021.10.06"]
[SourceQuality "1"]

1. d4 Nf6 2. c4 e6 3. Nc3 Bb4 4. Bg5 h6 5. Bxf6 Qxf6 6. Nf3 c5 7. e3 Nc6 8. Be2 O-O 9. O-O Bxc3 10. bxc3 cxd4 11. cxd4 d5 12. c5 a6 13. Qa4 Bd7 14. Rab1 Rfb8 15. Rb6 Qe7 16. Qc2 f6 17. Rfb1 Be8 18. Bd3 f5 19. Qb2 Na5 20. Qb4 Nc6 21. Qb2 Na5 22. Ne5 Nc6 23. Rxb7 Rxb7 24. Qxb7 Rb8 25. Qxe7 Rxb1+ 26. Bxb1 Nxe7 27. Bd3 a5 28. Ba6 Nc6 29. Bb7 Ne7 30. c6 Bxc6 31. Nxc6 Nxc6 32. Bxc6 Kf8 33. Kf1 Ke7 34. Ke2 Kd6 35. Ba4 Kc7 36. Kd3 1-0

[Event "Scarborough CC ch reserves"]
[Site "Toronto CAN"]
[Date "2007.01.04"]
[Round "1"]
[White "Farrant, David"]
[Black "Armstrong, Robert J"]
[Result "0-1"]
[WhiteElo "1538"]
[BlackElo "1875"]
[PlyCount "58"]
[GameId "2160767910739514"]
[EventDate "2007.01.04"]
[EventType "swiss"]
[EventRounds "9"]
[EventCountry "CAN"]
[SourceTitle "EXT 2022"]
[Source "ChessBase"]
[SourceDate "2021.10.06"]
[SourceVersion "1"]
[SourceVersionDate "2021.10.06"]
[SourceQuality "1"]

1. e4 g6 2. d4 Bg7 3. Nf3 d6 4. Bg5 Nf6 5. Bd3 O-O 6. O-O c6 7. c3 b5 8. Nbd2 a5 9. Re1 b4 10. e5 dxe5 11. Nxe5 c5 12. Qf3 Ra7 13. dxc5 Rc7 14. cxb4 Bb7 15. Qf4 Nd5 16. Qc4 axb4 17. Nef3 Bxb2 18. Rab1 Bc3 19. Bh6 Ba6 20. Qe4 Nf6 21. Qe2 Bxd3 22. Qe3 Bxb1 23. Rxb1 Re8 24. Ne4 Nxe4 25. Qxe4 Rxc5 26. Ng5 Re5 27. Qf3 Qd5 28. Qh3 Rxg5 29. Bxg5 Qxg5 0-1